000 00523cam a2200193 4500
001 D6649
008 090401t1981 xxu||||| |||| 00| 0 eng d
035 _a(Sirsi) u2270
041 _aeng
050 _a690.24
110 _aLevitt Bernstein Associates
_93459
245 _aSpecification clauses for rehabilitation and conversion work
260 _aLondon
_bArchitectural Press
_c1981
300 _a138p. 30cm
350 _a9.95
710 _aAnthony Richardson and Partners
_93460
942 _n0
948 _c04/03/1997
999 _c85749
_d85749